[Event "EU-chT (Women) 24th"]
[Site "Budva"]
[Date "2023.11.19"]
[Round "8.5"]
[White "Blagojevic, Tijana"]
[Black "Grabuzova, Tatiana"]
[Result "1/2-1/2"]
[WhiteElo "2178"]
[BlackElo "2188"]
[PlyCount "61"]
[EventDate "2023.11.11"]
[EventType "team-swiss"]
[EventRounds "9"]
[EventCountry "MNE"]
[SourceTitle "CB47_2023"]
[SourceDate "2023.11.22"]
[SourceVersion "1"]
[SourceVersionDate "2023.11.22"]
[SourceQuality "1"]
[WhiteTeam "Serbia (W)"]
[BlackTeam "Spain (W)"]
[WhiteTeamCountry "SRB"]
[BlackTeamCountry "ESP"]

1. e4 e6 2. d4 d5 3. e5 c5 4. c3 Nc6 5. Nf3 Bd7 6. Be2 cxd4 7. cxd4 Nge7 8. Na3 Nf5 9. Nc2 Qb6 10. h4 Nb4 11. Nxb4 Bxb4+ 12. Kf1 h5 13. a4 a5 14. g3 Rc8 15. Kg2 Be7 16. Re1 g6 17. Ra2 Kf8 18. Be3 Kg7 19. Bd3 Rc7 20. Re2 Rhc8 21. Ra1 Nxe3+ 22. fxe3 Qb4 23. Ne1 b5 24. axb5 Bxb5 25. Bxb5 Qxb5 26. Nd3 Rc4 27. Rf2 a4 28. Qf3 Qe8 29. Raf1 Rc2 30. Kh3 Rxf2 31. Rxf2 1/2-1/2

[Event "Benidorm op-A"]
[Site "Benidorm"]
[Date "2023.11.02"]
[Round "6"]
[White "Grabuzova, Tatiana"]
[Black "Webb, Laurence"]
[Result "1-0"]
[WhiteElo "2173"]
[BlackElo "2204"]
[PlyCount "97"]
[EventDate "2023.10.29"]
[EventType "swiss"]
[EventRounds "9"]
[EventCountry "ESP"]
[SourceTitle "Mega2024 Update 01"]
[Source "Chessbase"]
[SourceDate "2023.11.12"]
[SourceVersion "1"]
[SourceVersionDate "2023.11.12"]
[SourceQuality "1"]

1. d4 Nf6 2. c4 e6 3. g3 c5 4. d5 exd5 5. cxd5 b5 6. e4 Nxe4 7. Bg2 Nd6 8. Bf4 Be7 9. Nf3 0-0 10. 0-0 Nc4 11. Qc2 d6 12. a4 Bb7 13. axb5 Nb6 14. Nc3 N8d7 15. Rfd1 Nf6 16. Ne1 Re8 17. b3 Qd7 18. Bc1 Bf8 19. Bb2 g6 20. Qd2 Bg7 21. Nc2 Qc7 22. Ne3 a6 23. Nc4 Nxc4 24. bxc4 Nd7 25. Ne4 Ne5 26. Qf4 axb5 27. Nf6+ Bxf6 28. Qxf6 Qd8 29. Rxa8 Bxa8 30. Qxd8 Rxd8 31. cxb5 Kf8 32. Ra1 Bb7 33. Ra7 Rb8 34. Bc3 Nc4 35. Bf6 Ne5 36. Bxe5 dxe5 37. d6 e4 38. Bh3 f5 39. g4 f4 40. g5 c4 41. Be6 c3 42. Ra3 Ra8 43. Rxc3 Ra1+ 44. Kg2 e3+ 45. f3 e2 46. d7 Ke7 47. Rc8 Kxe6 48. d8Q Bxc8 49. Qf6+ 1-0

[Event "Benidorm op-A"]
[Site "Benidorm"]
[Date "2023.11.01"]
[Round "4"]
[White "Dauner, Benedikt"]
[Black "Grabuzova, Tatiana"]
[Result "0-1"]
[WhiteElo "2389"]
[BlackElo "2173"]
[PlyCount "72"]
[EventDate "2023.10.29"]
[EventType "swiss"]
[EventRounds "9"]
[EventCountry "ESP"]
[SourceTitle "Mega2024 Update 01"]
[Source "Chessbase"]
[SourceDate "2023.11.12"]
[SourceVersion "1"]
[SourceVersionDate "2023.11.12"]
[SourceQuality "1"]

1. e4 e6 2. d4 d5 3. e5 c5 4. c3 Nc6 5. Nf3 Bd7 6. dxc5 Bxc5 7. b4 Bf8 8. b5 Na5 9. Bd3 Qc7 10. Qe2 Nc4 11. a4 a6 12. bxa6 Rxa6 13. Nbd2 Rxa4 14. Rxa4 Bxa4 15. Nxc4 dxc4 16. Bxc4 Bc5 17. 0-0 Ne7 18. Ng5 Ng6 19. Bxe6 fxe6 20. Nxe6 Qc6 21. Nxg7+ Kf7 22. Bh6 Bb3 23. Rb1 Ra8 24. Qg4 Nxe5 25. Qf4+ Qf6 26. Qe4 Nc6 27. Nh5 Bxf2+ 28. Kh1 Qxh6 29. Qf5+ Kg8 30. Nf6+ Kg7 31. Qd7+ Bf7 32. Ng4 Qg6 33. Rf1 Rd8 34. Qxb7 Qxg4 35. Qxc6 Rd1 36. Qb5 Bd5 0-1

[Event "Benidorm op-A"]
[Site "Benidorm"]
[Date "2023.11.01"]
[Round "5"]
[White "Grabuzova, Tatiana"]
[Black "Ramoutar, Alan Safar"]
[Result "0-1"]
[WhiteElo "2173"]
[BlackElo "2330"]
[PlyCount "120"]
[EventDate "2023.10.29"]
[EventType "swiss"]
[EventRounds "9"]
[EventCountry "ESP"]
[SourceTitle "Mega2024 Update 01"]
[Source "Chessbase"]
[SourceDate "2023.11.12"]
[SourceVersion "1"]
[SourceVersionDate "2023.11.12"]
[SourceQuality "1"]

1. d4 d5 2. c4 e6 3. Nf3 Nf6 4. g3 Bb4+ 5. Bd2 a5 6. Bg2 0-0 7. 0-0 dxc4 8. Qc2 Bxd2 9. Nbxd2 b5 10. b3 cxb3 11. axb3 Bb7 12. Rfc1 Bxf3 13. Nxf3 c6 14. Ne5 Qxd4 15. Nxc6 Nxc6 16. Qxc6 Qb4 17. Qc5 Rab8 18. Qxb4 axb4 19. Ra5 g6 20. Rc5 Rfd8 21. Bf3 Rd1+ 22. Kg2 Rb1 23. Rc7 Rxb3 24. Raa7 Ra3 25. Rxf7 Rxa7 26. Rxa7 Rc8 27. Ra1 b3 28. Rb1 Rc3 29. e3 Nd7 30. Bd1 Nc5 31. Kf1 Kf7 32. Ke2 b4 33. Kd2 e5 34. f3 e4 35. f4 Ke6 36. Be2 Rc2+ 37. Kd1 Kd5 38. g4 Ra2 39. Ke1 Nd3+ 40. Kd1 Rc2 41. f5 gxf5 42. gxf5 Kc4 43. f6 Kc3 44. Bxd3 exd3 45. f7 Rf2 46. Rc1+ Kb2 47. Rc7 Ka2 48. Ra7+ Kb1 49. e4 b2 50. e5 Rf1+ 51. Kd2 Rf2+ 52. Kd1 Rf1+ 53. Kd2 Rf2+ 54. Kd1 Rf1+ 55. Kd2 Rf2+ 56. Ke1 d2+ 57. Kd1 Rxf7 58. Rxf7 Ka2 59. Kxd2 b1Q 60. Ke3 Qb3+ 0-1

[Event "Benidorm op-A"]
[Site "Benidorm"]
[Date "2023.10.30"]
[Round "2"]
[White "Grabuzova, Tatiana"]
[Black "Arkell, Keith C"]
[Result "0-1"]
[WhiteElo "2173"]
[BlackElo "2355"]
[PlyCount "106"]
[EventDate "2023.10.29"]
[EventType "swiss"]
[EventRounds "9"]
[EventCountry "ESP"]
[SourceTitle "Mega2024 Update 01"]
[Source "Chessbase"]
[SourceDate "2023.11.12"]
[SourceVersion "1"]
[SourceVersionDate "2023.11.12"]
[SourceQuality "1"]

1. d4 e6 2. c4 Bb4+ 3. Bd2 Bxd2+ 4. Qxd2 Nf6 5. Nc3 d6 6. Nf3 Qe7 7. e4 e5 8. dxe5 dxe5 9. Qg5 Nc6 10. Qxg7 Rg8 11. Qh6 Bg4 12. 0-0-0 Bxf3 13. gxf3 Nd4 14. Bh3 Rg6 15. Qe3 Nh5 16. Bf5 Qc5 17. Bxg6 hxg6 18. Qg5 c6 19. Kb1 Nxf3 20. Qh6 Ke7 21. Qe3 Qxe3 22. fxe3 Nf6 23. h3 Ng5 24. Kc2 Ngxe4 25. Nxe4 Nxe4 26. Rdg1 Rh8 27. h4 Rh6 28. Rh2 f5 29. Rhg2 Kf7 30. b4 Nf6 31. Kd3 Nh7 32. e4 f4 33. Ke2 Nf6 34. Rg5 Rxh4 35. Rxe5 Rh3 36. Rf1 Re3+ 37. Kd1 f3 38. Kd2 Ra3 39. Ra5 Nxe4+ 40. Kc2 Rc3+ 41. Kb2 Re3 42. Rxa7 Nd2 43. Rxb7+ Kf6 44. Rf2 Re2 45. Rxf3+ Nxf3+ 46. Ka3 Ne5 47. c5 g5 48. b5 cxb5 49. Kb4 g4 50. Rb6+ Kf5 51. c6 Rc2 52. Kxb5 Rb2+ 53. Ka6 Rxb6+ 0-1

[Event "Guardamar Esphouses op 1st"]
[Site "Guardamar del Segura"]
[Date "2023.09.07"]
[Round "5"]
[White "Mateos Martinez, Francisco Ramon"]
[Black "Grabuzova, Tatiana"]
[Result "0-1"]
[WhiteElo "1736"]
[BlackElo "2175"]
[PlyCount "60"]
[EventDate "2023.09.04"]
[EventType "swiss"]
[EventRounds "9"]
[EventCountry "ESP"]
[SourceTitle "EXT 2024"]
[Source "ChessBase"]
[SourceDate "2023.10.10"]
[SourceVersion "1"]
[SourceVersionDate "2023.10.10"]
[SourceQuality "1"]

1. d4 e6 2. c4 b6 3. e4 Bb7 4. Bd3 Nc6 5. Nf3 Nb4 6. 0-0 Nxd3 7. Qxd3 d6 8. Nc3 g6 9. Bg5 Qd7 10. d5 e5 11. b4 Ba6 12. a4 f5 13. exf5 gxf5 14. Nh4 Bh6 15. f4 e4 16. Nxe4 fxe4 17. Qxe4+ Kf8 18. Bxh6+ Nxh6 19. f5 Re8 20. Qf4 Nf7 21. Ra3 Rg8 22. Rh3 Re2 23. Qd4 Ne5 24. Rg3 Rxg3 25. hxg3 Qg7 26. Qf4 Bxc4 27. f6 Qf7 28. Rc1 Bxd5 29. Qh6+ Ke8 30. Rxc7 Re1+ 0-1

[Event "Oviedo op 9th"]
[Site "Oviedo"]
[Date "2023.07.26"]
[Round "4"]
[White "Szpar, Milosz"]
[Black "Grabuzova, Tatiana"]
[Result "1-0"]
[WhiteElo "2428"]
[BlackElo "2197"]
[PlyCount "87"]
[EventDate "2023.07.24"]
[EventType "swiss"]
[EventRounds "9"]
[EventCountry "ESP"]
[SourceTitle "CBM 215 Extra"]
[Source "ChessBase"]
[SourceDate "2023.09.30"]
[SourceVersion "1"]
[SourceVersionDate "2023.09.30"]
[SourceQuality "1"]

1. Nf3 e6 2. c4 d5 3. e3 Nf6 4. b3 c5 5. Bb2 Nc6 6. cxd5 exd5 7. Be2 Be7 8. 0-0 0-0 9. d4 Ne4 10. dxc5 Bxc5 11. Nc3 Nxc3 12. Bxc3 Bf5 13. Qd2 Qd6 14. Rad1 Rfd8 15. Qb2 Ba3 16. Qa1 Qh6 17. Ne5 Be4 18. Bd3 Bd6 19. h3 Bxe5 20. Bxe5 Qg5 21. Bg3 h5 22. h4 Qf5 23. Be2 Qg6 24. Kh2 f6 25. Rd2 Qf7 26. Qd1 g6 27. Qa1 Kg7 28. Rfd1 Rd7 29. Bf4 Re8 30. Qc3 Kh7 31. Qc5 Red8 32. b4 Qe7 33. Qxe7+ Nxe7 34. Bb5 Nc6 35. Ba4 Bf5 36. b5 Ne5 37. b6 Rd6 38. bxa7 Be6 39. Rb2 b6 40. Rc1 Ra8 41. Rc7+ Kh8 42. Rb7 Rdd8 43. R2xb6 Bc8 44. Rc7 1-0

[Event "La Nucia op 3rd"]
[Site "La Nucia"]
[Date "2022.10.12"]
[Round "4"]
[White "Yuffa, Daniil"]
[Black "Grabuzova, Tatiana"]
[Result "1-0"]
[WhiteElo "2601"]
[BlackElo "2248"]
[PlyCount "95"]
[EventDate "2022.10.09"]
[EventType "swiss"]
[EventRounds "9"]
[EventCountry "ESP"]
[SourceTitle "CBM 210 Extra"]
[Source "ChessBase"]
[SourceDate "2022.11.30"]
[SourceVersion "1"]
[SourceVersionDate "2022.11.30"]
[SourceQuality "1"]

1. c4 f5 2. g3 Nf6 3. Bg2 e6 4. Nc3 d5 5. d4 Be7 6. Nf3 Ne4 7. 0-0 h5 8. Ne5 Bf6 9. cxd5 exd5 10. Ng6 Rh7 11. Qb3 Nxc3 12. bxc3 c6 13. c4 Kf7 14. Nf4 Qb6 15. cxd5 Qxb3 16. axb3 g5 17. Nd3 Bxd4 18. Ra4 Bf6 19. h4 gxh4 20. gxh4 Rg7 21. Kh1 Rg4 22. Bg5 Kg7 23. f4 Bxg5 24. fxg5 cxd5 25. Bxd5 Nc6 26. Bf3 Rxa4 27. bxa4 Be6 28. Nc5 Nd4 29. Bxb7 Re8 30. e3 Nb3 31. Nxe6+ Rxe6 32. Rxf5 Rxe3 33. Kg2 Rc3 34. Bd5 Nd4 35. Rf7+ Kg6 36. Rf6+ Kg7 37. Rf7+ Kg6 38. Rxa7 Rc2+ 39. Kf1 Rc1+ 40. Kf2 Rc2+ 41. Ke3 Nf5+ 42. Kd3 Rh2 43. Bf7+ Kg7 44. Bxh5+ Kh8 45. Bg6 Nxh4 46. Rh7+ Kg8 47. Be4 Rh3+ 48. Kc4 1-0

[Event "WchT Seniors 50"]
[Site "Prague"]
[Date "2020.03.09"]
[Round "4.7"]
[White "Sandten, Ulrich"]
[Black "Grabuzova, Tatiana"]
[Result "1/2-1/2"]
[WhiteElo "2100"]
[BlackElo "2272"]
[PlyCount "92"]
[EventDate "2020.03.06"]
[EventType "team-swiss"]
[EventRounds "7"]
[EventCountry "CZE"]
[SourceTitle "CBM 195 Extra"]
[Source "ChessBase"]
[SourceDate "2020.05.31"]
[SourceVersion "1"]
[SourceVersionDate "2020.05.31"]
[SourceQuality "1"]
[WhiteTeam "Germany 50 V"]
[BlackTeam "Russia 50 II"]
[WhiteTeamCountry "GER"]
[BlackTeamCountry "RUS"]

1. d4 e6 2. Nf3 f5 3. e3 Nf6 4. Be2 b6 5. 0-0 Bb7 6. c4 Be7 7. Nc3 0-0 8. Rb1 Ne4 9. Qc2 Nxc3 10. Qxc3 Be4 11. Ra1 Bf6 12. b4 c5 13. Bb2 Nc6 14. bxc5 bxc5 15. Qd2 Rb8 16. Bc3 d6 17. Rfd1 Qe7 18. Ne1 cxd4 19. exd4 Bg5 20. f4 Bh6 21. Nf3 e5 22. dxe5 dxe5 23. Nxe5 Qc5+ 24. Kf1 Nxe5 25. Bxe5 Qxe5 26. fxe5 Bxd2 27. Rxd2 Rbe8 28. Kf2 Rxe5 29. Rc1 Ra5 30. Rc3 Rb8 31. Rb3 Rb6 32. Rxb6 axb6 33. Rb2 Ra3 34. g3 Kf8 35. Rxb6 Rxa2 36. Ke3 g5 37. Rd6 Kg7 38. Rb6 Kf8 39. h4 Ra3+ 40. Kd4 Rxg3 41. hxg5 Rxg5 42. Ke5 Rg6 43. Rxg6 hxg6 44. Kf6 f4 45. Kg5 f3 46. Bxf3 Bxf3 1/2-1/2

[Event "WchT Seniors 50"]
[Site "Prague"]
[Date "2020.03.08"]
[Round "3.5"]
[White "Grabuzova, Tatiana"]
[Black "Stohl, Igor"]
[Result "0-1"]
[WhiteElo "2272"]
[BlackElo "2470"]
[PlyCount "112"]
[EventDate "2020.03.06"]
[EventType "team-swiss"]
[EventRounds "7"]
[EventCountry "CZE"]
[SourceTitle "CBM 195 Extra"]
[Source "ChessBase"]
[SourceDate "2020.05.31"]
[SourceVersion "1"]
[SourceVersionDate "2020.05.31"]
[SourceQuality "1"]
[WhiteTeam "Russia 50 II"]
[BlackTeam "Slovakia 50"]
[WhiteTeamCountry "RUS"]
[BlackTeamCountry "SVK"]

1. d4 Nf6 2. c4 g6 3. Nc3 d5 4. Nf3 Bg7 5. Qb3 dxc4 6. Qxc4 0-0 7. e4 a6 8. Bf4 b5 9. Qxc7 Qxc7 10. Bxc7 Bb7 11. e5 Nd5 12. Nxd5 Bxd5 13. Bd3 Nc6 14. Bb6 Rab8 15. Bc5 Rfd8 16. Ke2 Bxf3+ 17. Kxf3 Nxd4+ 18. Ke4 Ne6 19. Be3 f5+ 20. exf6 exf6 21. g4 Ng5+ 22. Bxg5 fxg5 23. Ke3 Bxb2 24. Raf1 Bd4+ 25. Ke2 Re8+ 26. Kf3 Rbc8 27. Kg2 Rc3 28. Rd1 Bb6 29. Rd2 Rd8 30. Rhd1 Rd4 31. Be2 Rxd2 32. Rxd2 Bc5 33. Bf3 Kf8 34. Bd1 Ke7 35. Bb3 a5 36. Re2+ Kf8 37. Bd5 b4 38. Bb3 Bd6 39. Rd2 Ke7 40. Re2+ Kd7 41. Re3 Rxe3 42. fxe3 Kc6 43. h3 Kb5 44. Kf3 a4 45. Bf7 b3 46. axb3 a3 47. b4 Kxb4 48. Ke4 Kc3 49. Ba2 Bc5 50. Bd5 Kd2 51. Ke5 Kxe3 52. Kf6 Kf4 53. Kg7 h5 54. Kxg6 hxg4 55. hxg4 Kxg4 56. Be6+ Kf4 0-1

[Event "WchT Seniors 50"]
[Site "Prague"]
[Date "2020.03.07"]
[Round "2.13"]
[White "Kubikova, Hana"]
[Black "Grabuzova, Tatiana"]
[Result "1-0"]
[WhiteElo "2064"]
[BlackElo "2272"]
[PlyCount "73"]
[EventDate "2020.03.06"]
[EventType "team-swiss"]
[EventRounds "7"]
[EventCountry "CZE"]
[SourceTitle "CBM 195 Extra"]
[Source "ChessBase"]
[SourceDate "2020.05.31"]
[SourceVersion "1"]
[SourceVersionDate "2020.05.31"]
[SourceQuality "1"]
[WhiteTeam "Czech Republic 50 (W)"]
[BlackTeam "Russia 50 II"]
[WhiteTeamCountry "CZE"]
[BlackTeamCountry "RUS"]

1. e4 c6 2. d4 d5 3. Nc3 dxe4 4. Nxe4 Bf5 5. Ng3 Bg6 6. h4 h6 7. Nf3 Nf6 8. h5 Bh7 9. Bd3 Bxd3 10. Qxd3 e6 11. Bf4 Qa5+ 12. Bd2 Bb4 13. c3 Bd6 14. Ne4 Nxe4 15. Qxe4 Nd7 16. c4 Bb4 17. a3 Bxd2+ 18. Nxd2 c5 19. 0-0-0 cxd4 20. Qxd4 Nf6 21. Ne4 Nxe4 22. Qd7+ Kf8 23. Qxb7 Re8 24. Qxe4 Rc8 25. Kb1 Ke7 26. Qh4+ f6 27. Qg3 Qf5+ 28. Ka1 Rhf8 29. Qxg7+ Rf7 30. Rd7+ Kxd7 31. Qxf7+ Kc6 32. Rd1 Rc7 33. Qe8+ Kb7 34. Rd8 Rxc4 35. Qe7+ Kb6 36. Rb8+ Kc6 37. Rc8+ 1-0

[Event "Lisbon Portugal op"]
[Site "Lisbon"]
[Date "2020.01.27"]
[Round "4"]
[White "Xu, Yang1111"]
[Black "Grabuzova, Tatiana"]
[Result "0-1"]
[WhiteElo "2047"]
[BlackElo "2284"]
[PlyCount "86"]
[EventDate "2020.01.25"]
[EventType "swiss"]
[EventRounds "9"]
[EventCountry "POR"]
[SourceTitle "CBM 194"]
[Source "ChessBase"]
[SourceDate "2020.01.27"]
[SourceVersion "1"]
[SourceVersionDate "2020.01.27"]
[SourceQuality "1"]

1. e4 e6 2. d3 b6 3. g3 Bb7 4. Bg2 g6 5. c3 Bg7 6. f4 Ne7 7. Nf3 d6 8. Be3 Nd7 9. Nbd2 h6 10. Qc2 c5 11. 0-0 Qc7 12. a3 a6 13. Rab1 b5 14. h3 d5 15. e5 g5 16. d4 gxf4 17. gxf4 Nf5 18. Bf2 Bf8 19. Nh4 Nxh4 20. Bxh4 cxd4 21. f5 Nxe5 22. fxe6 fxe6 23. Rbe1 Rg8 24. Qd1 Qg7 25. Qh5+ Kd7 26. Rf2 dxc3 27. Nb3 cxb2 28. Bf6 b1Q 29. Qxe5 Qxe1+ 30. Qxe1 Qg6 31. Kh1 Bd6 32. Be5 Raf8 33. Rb2 Bxe5 34. Nc5+ Kc6 35. Qxe5 Kxc5 36. Qe3+ Kd6 37. Rd2 Qg3 38. Qe2 e5 39. Rd1 Rf2 40. Qe4 Rf1+ 41. Rxf1 dxe4 42. Rg1 e3 43. Rd1+ Ke7 0-1

[Event "Wch Seniors 50 (Women) 29th"]
[Site "Bucharest"]
[Date "2019.11.23"]
[Round "11"]
[White "Berend, Elvira S"]
[Black "Grabuzova, Tatiana"]
[Result "1/2-1/2"]
[WhiteElo "2349"]
[BlackElo "2289"]
[PlyCount "106"]
[EventDate "2019.11.12"]
[EventType "swiss"]
[EventRounds "11"]
[EventCountry "ROU"]
[SourceTitle "CBM 193 Extra"]
[Source "ChessBase"]
[SourceDate "2020.01.31"]
[SourceVersion "1"]
[SourceVersionDate "2020.01.31"]
[SourceQuality "1"]

1. d4 f5 2. g3 Nf6 3. Bg2 e6 4. Nh3 d5 5. 0-0 Bd6 6. c4 0-0 7. Qc2 Nc6 8. cxd5 exd5 9. Nc3 Nxd4 10. Qd1 Ne6 11. Nxd5 Nxd5 12. Qxd5 Kh8 13. e3 Qf6 14. Qc4 Rb8 15. Qc2 b6 16. Bd2 Be5 17. Rab1 Bb7 18. f4 Bd6 19. Bxb7 Rxb7 20. Nf2 Qg6 21. Kh1 c5 22. g4 fxg4 23. Qxg6 hxg6 24. Nxg4 Rbf7 25. h4 g5 26. hxg5 Nxg5 27. Nf2 Ne6 28. Ne4 Bb8 29. Kg2 Re7 30. Ng3 Nc7 31. Rbd1 Nd5 32. Kf3 g5 33. Rh1+ Rh7 34. Ne2 gxf4 35. e4 Nf6 36. Bc3 Rxh1 37. Rxh1+ Kg8 38. Nxf4 Bxf4 39. Kxf4 Nd5+ 40. Ke5 Nxc3 41. bxc3 Rf3 42. c4 Rc3 43. Kd5 Rd3+ 44. Ke6 Rd4 45. e5 Rxc4 46. Ke7 Rc2 47. a4 c4 48. e6 c3 49. Rg1+ Kh7 50. Kf6 Rf2+ 51. Ke5 Re2+ 52. Kf6 Rf2+ 53. Ke5 Re2+ 1/2-1/2

[Event "Wch Seniors 50 (Women) 29th"]
[Site "Bucharest"]
[Date "2019.11.20"]
[Round "8"]
[White "Grabuzova, Tatiana"]
[Black "Birkholz, Olga"]
[Result "1-0"]
[WhiteElo "2289"]
[BlackElo "2071"]
[PlyCount "91"]
[EventDate "2019.11.12"]
[EventType "swiss"]
[EventRounds "11"]
[EventCountry "ROU"]
[SourceTitle "CBM 193 Extra"]
[Source "ChessBase"]
[SourceDate "2020.01.31"]
[SourceVersion "1"]
[SourceVersionDate "2020.01.31"]
[SourceQuality "1"]

1. d4 Nf6 2. c4 d6 3. Nc3 e5 4. Nf3 Nbd7 5. e4 Be7 6. Be2 0-0 7. 0-0 Re8 8. d5 Nc5 9. Qc2 a5 10. h3 g6 11. Be3 Ncxe4 12. Nxe4 Nxe4 13. Nxe5 dxe5 14. Qxe4 f5 15. Qc2 f4 16. Bd2 Bc5 17. Bf3 Qh4 18. Rae1 Bxh3 19. Qb3 Bg4 20. Bxg4 Qxg4 21. Re4 b6 22. Rfe1 Qh4 23. Qf3 Bd4 24. Bc3 Bxc3 25. Qxc3 Qg4 26. Rxe5 Rxe5 27. Qxe5 f3 28. Qe6+ Qxe6 29. Rxe6 fxg2 30. Re7 Rc8 31. Kxg2 h5 32. Re6 Kf7 33. Rc6 Ke7 34. Rxg6 Rh8 35. f4 Kd7 36. b3 Re8 37. Kf3 Re1 38. f5 Ra1 39. f6 Rxa2 40. Rg7+ Ke8 41. Rxc7 Rb2 42. d6 Rxb3+ 43. Ke4 Rb1 44. Re7+ Kd8 45. f7 Re1+ 46. Kd5 1-0

[Event "Wch Seniors 50 (Women) 29th"]
[Site "Bucharest"]
[Date "2019.11.16"]
[Round "5"]
[White "Strutinskaya, Galina N"]
[Black "Grabuzova, Tatiana"]
[Result "1-0"]
[WhiteElo "2196"]
[BlackElo "2289"]
[PlyCount "69"]
[EventDate "2019.11.12"]
[EventType "swiss"]
[EventRounds "11"]
[EventCountry "ROU"]
[SourceTitle "CBM 193 Extra"]
[Source "ChessBase"]
[SourceDate "2020.01.31"]
[SourceVersion "1"]
[SourceVersionDate "2020.01.31"]
[SourceQuality "1"]

1. c4 e6 2. Nc3 d5 3. d4 a6 4. cxd5 exd5 5. Nf3 Nf6 6. Bg5 Be6 7. e3 Nbd7 8. Bd3 Bd6 9. Bh4 c6 10. Ng5 Bg4 11. f3 Bh5 12. Nxh7 Qb6 13. Nxf6+ gxf6 14. Qd2 Bxf3 15. gxf3 Rxh4 16. 0-0-0 Qc7 17. Kb1 0-0-0 18. Nxd5 cxd5 19. Rc1 Bc5 20. Bf5 Kb8 21. Bxd7 Qxd7 22. dxc5 Qf5+ 23. Ka1 Qxf3 24. Rhf1 Qh5 25. c6 Rc8 26. cxb7 Rxc1+ 27. Qxc1 Rc4 28. Qd2 Qg5 29. a3 Kxb7 30. Qd3 Qe5 31. Rf5 Rc1+ 32. Ka2 Qxh2 33. Qxd5+ Kb8 34. Rxf6 Rc7 35. Rxa6 1-0

[Event "Wch Seniors 50 (Women) 29th"]
[Site "Bucharest"]
[Date "2019.11.14"]
[Round "3"]
[White "Jicman, Ligia Letitia"]
[Black "Grabuzova, Tatiana"]
[Result "0-1"]
[WhiteElo "2070"]
[BlackElo "2289"]
[PlyCount "114"]
[EventDate "2019.11.12"]
[EventType "swiss"]
[EventRounds "11"]
[EventCountry "ROU"]
[SourceTitle "CBM 193 Extra"]
[Source "ChessBase"]
[SourceDate "2020.01.31"]
[SourceVersion "1"]
[SourceVersionDate "2020.01.31"]
[SourceQuality "1"]

1. e4 e6 2. Nf3 d5 3. Nc3 Nf6 4. e5 Nfd7 5. d4 c5 6. dxc5 Nc6 7. Bf4 Bxc5 8. Bd3 f6 9. exf6 Nxf6 10. Qe2 0-0 11. 0-0-0 Qa5 12. Kb1 a6 13. g4 b5 14. Ne5 Nxe5 15. Bxe5 Nd7 16. f4 b4 17. Ne4 Nxe5 18. fxe5 Bd7 19. Ng5 g6 20. h4 Be7 21. Nf3 Rf4 22. h5 g5 23. Nd2 Qb6 24. Rdf1 Raf8 25. Rxf4 Rxf4 26. Rf1 Rxf1+ 27. Qxf1 Be8 28. Nb3 a5 29. Nc1 a4 30. Qf3 Qd4 31. Qg3 a3 32. c3 Qb6 33. bxa3 bxc3+ 34. Nb3 Bxa3 35. Bc2 Bb2 36. Qd3 Qg1+ 37. Bd1 Bb5 38. Qf3 Qe1 39. Kc2 Qxe5 40. Nc5 Bc4 41. Nd7 Qf4 42. Qxf4 gxf4 43. a4 d4 44. Ne5 Ba6 45. Nd3 Ba3 46. Nxf4 e5 47. Nd5 Kg7 48. Bf3 h6 49. Be4 Bc5 50. Bf5 Bb7 51. Nc7 Kf6 52. Kd3 Bb6 53. Ne8+ Ke7 54. Ng7 e4+ 55. Kc2 Bc6 56. g5 Bxa4+ 57. Kc1 d3 0-1

[Event "Wch Seniors 50 (Women) 29th"]
[Site "Bucharest"]
[Date "2019.11.13"]
[Round "2"]
[White "Grabuzova, Tatiana"]
[Black "Wagner Michel, Annett"]
[Result "1-0"]
[WhiteElo "2289"]
[BlackElo "2016"]
[PlyCount "73"]
[EventDate "2019.11.12"]
[EventType "swiss"]
[EventRounds "11"]
[EventCountry "ROU"]
[SourceTitle "CBM 193 Extra"]
[Source "ChessBase"]
[SourceDate "2020.01.31"]
[SourceVersion "1"]
[SourceVersionDate "2020.01.31"]
[SourceQuality "1"]

1. d4 d5 2. c4 e6 3. Nf3 Nf6 4. g3 c5 5. cxd5 cxd4 6. Bg2 Qa5+ 7. Nbd2 Qxd5 8. 0-0 Qd8 9. Nb3 Nc6 10. Nfxd4 Nxd4 11. Qxd4 Qxd4 12. Nxd4 a6 13. Bf4 Nd7 14. Bc7 g6 15. Rfd1 Be7 16. Nb3 f5 17. Na5 Nc5 18. Rac1 0-0 19. Bd6 Bxd6 20. Rxd6 Ne4 21. Bxe4 fxe4 22. Rc7 e5 23. Nc4 Bh3 24. Rxb7 Rac8 25. b3 Rfd8 26. Rbb6 a5 27. Rxd8+ Rxd8 28. Rd6 Rc8 29. a4 Rc5 30. f3 exf3 31. exf3 Bf5 32. Ra6 Rd5 33. Rxa5 Rd1+ 34. Kf2 Bc2 35. Rb5 Rb1 36. a5 Bxb3 37. Nd2 1-0

[Event "RUS-chT (Women)"]
[Site "Sochi"]
[Date "2019.05.07"]
[Round "6.1"]
[White "Goltseva, Ekaterina"]
[Black "Grabuzova, Tatiana"]
[Result "1-0"]
[WhiteElo "2284"]
[BlackElo "2314"]
[PlyCount "113"]
[EventDate "2019.05.01"]
[EventType "team-swiss"]
[EventRounds "9"]
[EventCountry "RUS"]
[SourceTitle "CBM 190 Extra"]
[Source "ChessBase"]
[SourceDate "2019.07.15"]
[SourceVersion "1"]
[SourceVersionDate "2019.07.15"]
[SourceQuality "1"]
[WhiteTeam "Nizhny Novgorod Region (W)"]
[BlackTeam "Moscow Ekspromt (W)"]
[WhiteTeamCountry "RUS"]
[BlackTeamCountry "RUS"]

1. g3 c5 2. Bg2 Nc6 3. c4 g6 4. Nc3 Bg7 5. d3 Nf6 6. Nf3 0-0 7. 0-0 d5 8. cxd5 Nxd5 9. Bd2 e6 10. Qc1 b6 11. Bh6 Bb7 12. Nxd5 Qxd5 13. Bxg7 Kxg7 14. Qc3+ f6 15. Ne1 Nd4 16. Qd2 Qd7 17. f4 Bxg2 18. Nxg2 e5 19. e3 Nc6 20. Qc3 Rad8 21. fxe5 fxe5 22. Rxf8 Rxf8 23. a3 Qf5 24. Qd2 Rd8 25. Rf1 Rxd3 26. Qe2 Qd7 27. Qf3 Qd6 28. Qf7+ Kh6 29. h4 Rd1 30. Rxd1 Qxd1+ 31. Kh2 Qd6 32. g4 g5 33. hxg5+ Kxg5 34. Qh5+ Kf6 35. Qh6+ Ke7 36. Qxh7+ Kf6 37. Qh8+ Kf7 38. Qh7+ Kf8 39. Kh3 Qf6 40. Kg3 Ne7 41. Qe4 Kf7 42. Nh4 Kg7 43. Qb7 Kf8 44. Qa8+ Kf7 45. Qxa7 e4 46. Qc7 Ke8 47. Qb8+ Kd7 48. Qb7+ Kd8 49. Qxe4 Qxb2 50. g5 Qxa3 51. Nf3 Qa1 52. Qe6 Qb1 53. e4 b5 54. g6 Qd3 55. g7 Qc4 56. Qd6+ Ke8 57. Qb8+ 1-0